000 00307nam a2200157Ia 4500
100 _aSharma/Robin
650 _aFiciton
942 _cBK
366 _f20
245 _aDiscover your Destiny
260 _bJaico
_c2008
082 _a303.34/SHA
_bSHA
300 _a215
546 _aENGLISH
999 _c21732
_d21732